| 000 | 00850nam a22002297a 4500 | ||
|---|---|---|---|
| 003 | OSt | ||
| 005 | 20260512150952.0 | ||
| 008 | 260512b |||||||| |||| 00| 0 eng d | ||
| 020 | _a9780340999134 | ||
| 040 | _aKenya National Library Service | ||
| 082 | _a823.92 COW | ||
| 100 |
_aCowell, Cressida, _eauthor. |
||
| 245 |
_aA Hero's guide to deadly dragons / _cwritten and illustrated by Cressida Cowell. |
||
| 300 |
_a195 pages : _billustrations ; _c20 cm. |
||
| 490 |
_aHow to train your dragon ; _vbook 6. |
||
| 520 | _aHiccup Horrendous Haddock III must battle dangerous dragons and survive a mysterious curse while continuing his training as a Viking hero. | ||
| 650 | _aAdventure stories. | ||
| 650 |
_aDragons _vJuvenile fiction |
||
| 942 |
_2ddc _cBK _n0 |
||
| 999 |
_c492726 _d492726 |
||